000 00563nam a22002057a 4500
003 UA-OsUOA
001 19909
007 ta
008 20040921b un ||||| |||| 00| 0 ukr d
100 _aДенисюк М.
942 _cBK
040 _aUA-OsUOA
_brus
_cUA-OsUOA
_dUA-OsUOA
245 _aВесільний подарунок
_bБувальщини
_cМ. Денисюк; Художн. Віктор Кондратюк
300 _a33 с.
955 _a0
041 _arus
260 _aДубно
_c2001
044 _aRU
650 7 _aБувальщини
_2UDC
999 _c306082
_d306082